[Event "Madrid ch - Previa B 2013"]
[Site "Madrid ESP"]
[Date "2013.02.22"]
[Round "8.13"]
[White "Morona Minguez, Miguel"]
[Black "Sebastian Enesco, Alex"]
[Result "0-1"]
[WhiteElo "1628"]
[BlackElo "1771"]
[PlyCount "104"]
[EventDate "2013.02.01"]
[EventType "swiss"]
[EventRounds "9"]
[EventCountry "ESP"]
[Source "lmi"]
[SourceDate "2013.02.01"]

1. e4 Nf6 2. Nc3 d5 3. e5 Ng4 4. d4 g6 5. Be2 Nh6 6. Bxh6 Bxh6 7. Nf3 Nc6 8.
O-O O-O 9. Re1 Bg4 10. h3 Bxf3 11. Bxf3 e6 12. Ne2 Qe7 13. c3 b5 14. Ng3 a5 15.
b3 Qa3 16. c4 bxc4 17. bxc4 Qc3 18. cxd5 Nxd4 19. dxe6 Nxf3+ 20. Qxf3 Qxf3 21.
gxf3 fxe6 22. Kg2 Rab8 23. Ne4 Bg7 24. Nc5 Rfe8 25. Rab1 Rxb1 26. Rxb1 Bxe5 27.
Re1 Bd6 28. Rxe6 Rb8 29. Na4 Rb1 30. Re8+ Kf7 31. Ra8 Bb4 32. Ra7 Rc1 33. a3
Bxa3 34. Rxa5 c5 35. Ra7+ Kg8 36. Nb6 Bb4 37. Nd5 Rc2 38. Nf6+ Kf8 39. Nxh7+
Ke8 40. Nf6+ Kd8 41. Ne4 c4 42. Rg7 Rb2 43. Rg8+ Kc7 44. Rg7+ Kd8 45. Rg8+ Ke7
46. Rg7+ Kf8 47. Rxg6 c3 48. Rc6 c2 49. h4 Ra2 50. Nc3 c1=Q 51. Nxa2 Qxc6 52.
Nxb4 Qc4 0-1

[Event "Madrid ch - Previa B 2013"]
[Site "Madrid ESP"]
[Date "2013.02.22"]
[Round "8.14"]
[White "Bento Iglesias, Pablo"]
[Black "Lianes Garcia, Marcos"]
[Result "0-1"]
[WhiteElo "1525"]
[BlackElo "1724"]
[PlyCount "100"]
[EventDate "2013.02.01"]
[EventType "swiss"]
[EventRounds "9"]
[EventCountry "ESP"]
[Source "lmi"]
[SourceDate "2013.02.01"]

1. e4 e6 2. d4 d5 3. exd5 exd5 4. Nf3 Bd6 5. Be2 Nf6 6. O-O O-O 7. Nc3 c6 8. h3
Bf5 9. Bd3 Bxd3 10. Qxd3 Nbd7 11. Be3 Re8 12. Rfe1 Ne4 13. Nd2 f5 14. Ncxe4
fxe4 15. Qe2 Re6 16. c4 Rg6 17. cxd5 cxd5 18. Qb5 Nb6 19. a4 a6 20. Qb3 Qd7 21.
Kh1 Be7 22. Nxe4 Nc4 23. Nc3 Rb6 24. Qd1 Nxb2 25. Qf3 Rd8 26. Bc1 Nc4 27. Bf4
Bf6 28. Rad1 Rb3 29. Rd3 Nb2 30. Rde3 Bxd4 31. Re8+ Rxe8 32. Rxe8+ Qxe8 33.
Qxd5+ Kh8 34. Qxb3 Qe1+ 35. Kh2 Qxc3 36. Qxb7 Qc4 37. Qb8+ Qg8 38. Qd6 Bf6 39.
Qxa6 Nc4 40. Qc6 Ne5 41. Qb5 Ng6 42. Bd6 Qd8 43. Bc7 Qxc7+ 44. g3 Ne7 45. a5
Qa7 46. Kg2 Ng8 47. a6 Bd4 48. f4 Bg1 49. Kf3 Nf6 50. Qe2 Qa8+ 0-1

[Event "Madrid ch - Previa B 2013"]
[Site "Madrid ESP"]
[Date "2013.02.22"]
[Round "8.15"]
[White "Herranz Sanchez, Pablo"]
[Black "Rottenwoerer, Christoph"]
[Result "1/2-1/2"]
[WhiteElo "1722"]
[BlackElo "1609"]
[PlyCount "156"]
[EventDate "2013.02.01"]
[EventType "swiss"]
[EventRounds "9"]
[EventCountry "ESP"]
[Source "lmi"]
[SourceDate "2013.02.01"]

1. e4 c5 2. Nf3 g6 3. d4 cxd4 4. Nxd4 Bg7 5. Nc3 Nc6 6. Be3 Nf6 7. Be2 O-O 8.
Qd2 d5 9. exd5 Nxd5 10. Nxd5 Nxd4 11. Bxd4 Qxd5 12. Bxg7 Qxg2 13. O-O-O Kxg7
14. Qe3 Qc6 15. Bf3 Qc7 16. h4 Bf5 17. Rd2 Rfd8 18. Rhd1 Rxd2 19. Rxd2 Rc8 20.
Bd1 Qc5 21. Qg3 Qa5 22. Qb3 Be6 23. Qxb7 Qxa2 24. Rd3 Qa1+ 25. Kd2 Qa5+ 26. c3
Rc7 27. Qb8 Qc5 28. Be2 Rd7 29. Rxd7 Bxd7 30. Qb7 Bf5 31. Qf3 Qb6 32. b4 Qd6+
33. Bd3 Bxd3 34. Qxd3 Qf4+ 35. Qe3 Qxe3+ 36. Kxe3 Kf6 37. Ke4 Ke6 38. c4 h5 39.
f4 f6 40. Kd4 Kd7 41. b5 Ke6 42. c5 Kd7 43. Kc4 e6 44. Kd4 Kc7 45. Kc4 Kd7 46.
c6+ Kd6 47. Kd4 e5+ 48. fxe5+ fxe5+ 49. Ke4 Ke6 50. c7 Kd7 51. Kxe5 Kxc7 52.
Kd5 Kb6 53. Kc4 Kc7 54. Kc5 Kd7 55. Kd5 Kc7 56. Kc5 Kd7 57. Kd5 Kc7 58. Kc5 Kd7
59. Kd5 g5 60. hxg5 h4 61. g6 Ke7 62. Ke4 Kf6 63. Kf4 Kxg6 64. Kg4 h3 65. Kxh3
Kf5 66. Kg2 Ke4 67. Kf2 Kd3 68. Ke1 Kc2 69. Ke2 Kc3 70. Kd1 Kc4 71. Kc2 Kxb5
72. Kb2 a5 73. Ka3 a4 74. Ka2 Kb4 75. Kb2 a3+ 76. Ka2 Ka4 77. Kb1 Kb3 78. Ka1
a2 1/2-1/2

[Event "Madrid ch - Previa B 2013"]
[Site "Madrid ESP"]
[Date "2013.02.22"]
[Round "8.17"]
[White "Sancinena Arpide, Juan"]
[Black "Peñas Merino, Ramona"]
[Result "1-0"]
[WhiteElo "1702"]
[BlackElo "1684"]
[PlyCount "45"]
[EventDate "2013.02.01"]
[EventType "swiss"]
[EventRounds "9"]
[EventCountry "ESP"]
[Source "lmi"]
[SourceDate "2013.02.01"]

1. d4 d5 2. c4 e6 3. Nc3 c6 4. Nf3 Nf6 5. Bg5 Be7 6. e3 Nbd7 7. Bd3 dxc4 8.
Bxc4 Nd5 9. Bxe7 Qxe7 10. Rc1 O-O 11. a3 b6 12. O-O N7f6 13. Ne5 Bb7 14. Qe2 c5
15. dxc5 Qxc5 16. Bxd5 exd5 17. Ne4 Qe7 18. Nxf6+ gxf6 19. Qg4+ Kh8 20. Nf3 Rg8
21. Qf4 Rg6 22. Nh4 Rg5 23. Rc7 1-0

[Event "Madrid ch - Previa B 2013"]
[Site "Madrid ESP"]
[Date "2013.02.22"]
[Round "8.18"]
[White "Escanciano Reyero, Daniel"]
[Black "Franco Rincon, David"]
[Result "1-0"]
[WhiteElo "1498"]
[BlackElo "1671"]
[PlyCount "119"]
[EventDate "2013.02.01"]
[EventType "swiss"]
[EventRounds "9"]
[EventCountry "ESP"]
[Source "lmi"]
[SourceDate "2013.02.01"]

1. e4 d5 2. exd5 Qxd5 3. Nc3 Qa5 4. d3 Nf6 5. Bd2 Bf5 6. Be2 Nbd7 7. f4 Qb6 8.
h3 h5 9. Bf3 e6 10. Nge2 Be7 11. Ng3 Bg6 12. Qc1 Bc5 13. Rf1 c6 14. Na4 Qc7 15.
Nxc5 Nxc5 16. Bc3 Ncd7 17. Qe3 Qb6 18. Be2 O-O-O 19. O-O-O Nc5 20. b3 Rh7 21.
Bxf6 gxf6 22. Nxh5 Nd7 23. Ng3 Rhh8 24. Bh5 Bxh5 25. Nxh5 Qa5 26. g4 Qxa2 27.
f5 e5 28. Qe4 Qa5 29. Qc4 Rh7 30. Kb2 Qc7 31. Rfe1 Nb6 32. Qe4 Qe7 33. d4 Rhh8
34. Ra1 Rxd4 35. Qxd4 Rd8 36. Qe3 Qb4 37. Kc1 Nd5 38. Ra4 Qb5 39. c4 Nxe3 40.
cxb5 cxb5 41. Rxa7 Kb8 42. Ra5 Rc8+ 43. Kd2 Nd5 44. Rxb5 Rd8 45. Kc2 Rc8+ 46.
Kb2 Nc7 47. Rc5 Rd8 48. Rec1 Na6 49. R5c3 Rd2+ 50. R1c2 Rd6 51. Ng3 Nb4 52.
Rc8+ Ka7 53. R2c7 Rd3 54. Rc3 Rd2+ 55. Ka3 Nd5 56. Rd8 Rd1 57. Rc5 Ra1+ 58. Kb2
Rg1 59. Rcxd5 Rxg3 60. Rd3 1-0

[Event "Madrid ch - Previa B 2013"]
[Site "Madrid ESP"]
[Date "2013.02.22"]
[Round "8.20"]
[White "Benitez Cadenas, Luis Miguel"]
[Black "Lopez Garralon, Jorge"]
[Result "1-0"]
[WhiteElo "1714"]
[BlackElo "1270"]
[PlyCount "37"]
[EventDate "2013.02.01"]
[EventType "swiss"]
[EventRounds "9"]
[EventCountry "ESP"]
[Source "lmi"]
[SourceDate "2013.02.01"]

1. c4 d6 2. Nc3 Nf6 3. Nf3 Nbd7 4. g3 e5 5. Bg2 c6 6. O-O Be7 7. b4 a6 8. d4
Qc7 9. Bb2 b5 10. dxe5 dxe5 11. cxb5 cxb5 12. Nxe5 Bb7 13. Nxd7 Nxd7 14. Nd5
Qd6 15. Nxe7 Qxd1 16. Rfxd1 Bxg2 17. Bxg7 Kxe7 18. Bxh8 Rxh8 19. Kxg2 1-0

[Event "Madrid ch - Previa B 2013"]
[Site "Madrid ESP"]
[Date "2013.02.23"]
[Round "9.2"]
[White "Marcos Herrero, Francisco"]
[Black "Garcia Serrano, Jose M. Ii"]
[Result "1-0"]
[WhiteElo "1895"]
[BlackElo "1877"]
[PlyCount "115"]
[EventDate "2013.02.01"]
[EventType "swiss"]
[EventRounds "9"]
[EventCountry "ESP"]
[Source "lmi"]
[SourceDate "2013.02.01"]

1. d4 d5 2. c4 e6 3. Nf3 Nf6 4. g3 Be7 5. Bg2 O-O 6. O-O Nbd7 7. Qc2 c6 8. Nbd2
b6 9. e4 dxe4 10. Nxe4 Nxe4 11. Qxe4 Bb7 12. Rd1 Qc7 13. Bf4 Bd6 14. Ng5 Nf6
15. Bxd6 Qxd6 16. Qe5 Rfd8 17. Ne4 Nxe4 18. Bxe4 Rac8 19. a3 Rd7 20. c5 Qxe5
21. dxe5 Rcd8 22. Rxd7 Rxd7 23. cxb6 axb6 24. Rc1 g6 25. b4 Kf8 26. Bxc6 Rc7
27. b5 Bxc6 28. bxc6 Ke7 29. f4 Kd8 30. Kf2 Ra7 31. Rc3 Kc7 32. g4 Ra4 33. Kf3
Rd4 34. g5 Rd2 35. Kg3 Rd4 36. h3 Rd1 37. Kf2 Rd4 38. Ke3 Rd1 39. Rd3 Rxd3+ 40.
Kxd3 Kxc6 41. Kc4 b5+ 42. Kb4 Kb6 43. h4 Kc6 44. Ka5 Kc5 45. Ka6 b4 46. axb4+
Kxb4 47. Kb6 Kc4 48. Kc6 Kd4 49. Kd6 Ke4 50. Ke7 Kxf4 51. Kxf7 Kxe5 52. Kg7 Kf5
53. Kxh7 Kg4 54. Kxg6 e5 55. Kf6 e4 56. g6 e3 57. g7 e2 58. g8=Q+ 1-0

[Event "Madrid ch - Previa B 2013"]
[Site "Madrid ESP"]
[Date "2013.02.23"]
[Round "9.3"]
[White "Lopez Ziegler, Carlos"]
[Black "Plazuelo Pascual, Juan"]
[Result "1/2-1/2"]
[WhiteElo "1911"]
[BlackElo "1870"]
[PlyCount "36"]
[EventDate "2013.02.01"]
[EventType "swiss"]
[EventRounds "9"]
[EventCountry "ESP"]
[Source "lmi"]
[SourceDate "2013.02.01"]

1. e4 e6 2. d4 d5 3. exd5 exd5 4. Nf3 Bd6 5. Bd3 Nf6 6. h3 h6 7. O-O O-O 8. c4
c6 9. c5 Bc7 10. Nc3 Re8 11. Qc2 Nbd7 12. Bd2 Nf8 13. b4 Ne6 14. Rfe1 Nf4 15.
Rxe8+ Qxe8 16. Re1 Qf8 17. Bf5 Bxf5 18. Qxf5 Qc8 1/2-1/2

[Event "Madrid ch - Previa B 2013"]
[Site "Madrid ESP"]
[Date "2013.02.23"]
[Round "9.4"]
[White "Rodriguez Del Pino, Daniel"]
[Black "Merino Araguas, Jose Javier"]
[Result "1/2-1/2"]
[WhiteElo "1906"]
[BlackElo "1829"]
[PlyCount "51"]
[EventDate "2013.02.01"]
[EventType "swiss"]
[EventRounds "9"]
[EventCountry "ESP"]
[Source "lmi"]
[SourceDate "2013.02.01"]

1. e4 e6 2. d4 d5 3. exd5 exd5 4. Bd3 Nc6 5. c3 Bd6 6. Nf3 Bg4 7. O-O Qd7 8.
Nbd2 Nge7 9. Qc2 Bf5 10. Re1 Bxd3 11. Qxd3 O-O 12. b4 a6 13. Nb3 Qf5 14. Qxf5
Nxf5 15. Ne5 Bxe5 16. dxe5 Rfe8 17. Bf4 Nd8 18. g4 Nh4 19. Re3 Ne6 20. Bg3 Ng6
21. Nd4 c6 22. Rf1 Nxd4 23. cxd4 Nf8 24. f4 Ne6 25. Rd3 a5 26. a3 1/2-1/2

[Event "Madrid ch - Previa B 2013"]
[Site "Madrid ESP"]
[Date "2013.02.23"]
[Round "9.5"]
[White "Arroyo Fernandez, Francisco J"]
[Black "Tirado Parra, Alberto"]
[Result "0-1"]
[WhiteElo "1840"]
[BlackElo "1920"]
[PlyCount "68"]
[EventDate "2013.02.01"]
[EventType "swiss"]
[EventRounds "9"]
[EventCountry "ESP"]
[Source "lmi"]
[SourceDate "2013.02.01"]

1. d4 f5 2. Nf3 Nf6 3. Bg5 e6 4. Nbd2 d5 5. Ne5 Be7 6. e3 O-O 7. Be2 Bd7 8. f4
Be8 9. O-O Nbd7 10. c4 c6 11. c5 Kh8 12. b4 h6 13. Bh4 g5 14. Bg3 g4 15. Bh4
Rg8 16. a4 Nf8 17. Rb1 a6 18. b5 axb5 19. axb5 Ng6 20. Nxg6+ Rxg6 21. Bxf6+
Bxf6 22. bxc6 Bxc6 23. Ra1 Rg8 24. Rxa8 Qxa8 25. Qa1 h5 26. Qb2 Qa5 27. Ra1
Qxc5 28. Nb3 Qb4 29. Qc2 Rc8 30. Nc5 Bxd4 31. Nxe6 Bxa1 32. Qxf5 Qe1+ 33. Bf1
Qxe3+ 34. Kh1 Qe4 0-1

[Event "Madrid ch - Previa B 2013"]
[Site "Madrid ESP"]
[Date "2013.02.23"]
[Round "9.6"]
[White "Lacaci Otero, Ivan"]
[Black "Ordoñez Morales, Alberto"]
[Result "1/2-1/2"]
[WhiteElo "1671"]
[BlackElo "1836"]
[PlyCount "26"]
[EventDate "2013.02.01"]
[EventType "swiss"]
[EventRounds "9"]
[EventCountry "ESP"]
[Source "lmi"]
[SourceDate "2013.02.01"]

1. e4 e6 2. d4 d5 3. e5 c5 4. c3 Nc6 5. Nf3 Qb6 6. a3 Bd7 7. b4 cxd4 8. cxd4
Nge7 9. Nc3 Nf5 10. Na4 Qc7 11. Be3 Be7 12. Bd3 O-O 13. Rc1 a6 1/2-1/2

[Event "Madrid ch - Previa B 2013"]
[Site "Madrid ESP"]
[Date "2013.02.23"]
[Round "9.7"]
[White "Alonso Herrero, Ignacio"]
[Black "Soto Martin, Pablo"]
[Result "1/2-1/2"]
[WhiteElo "1789"]
[BlackElo "1740"]
[PlyCount "61"]
[EventDate "2013.02.01"]
[EventType "swiss"]
[EventRounds "9"]
[EventCountry "ESP"]
[Source "lmi"]
[SourceDate "2013.02.01"]

1. e4 e5 2. Bc4 Nc6 3. Nf3 Bc5 4. c3 Nf6 5. d3 d6 6. Bg5 h6 7. Be3 Bb6 8. Nbd2
O-O 9. d4 exd4 10. Nxd4 Ne5 11. Be2 d5 12. f3 dxe4 13. Nxe4 Nxe4 14. fxe4 Qh4+
15. Bf2 Qxe4 16. O-O Ng4 17. Bf3 Qg6 18. Qe2 Nxf2 19. Rxf2 c6 20. Bh5 Qd6 21.
Bxf7+ Rxf7 22. Rxf7 Kxf7 23. Rf1+ Kg8 24. Qe8+ Kh7 25. Rf8 Bxd4+ 26. cxd4 Qxd4+
27. Kf1 Qd3+ 28. Kf2 Qd4+ 29. Kf1 Qd1+ 30. Kf2 Qd2+ 31. Kf1 1/2-1/2

[Event "Madrid ch - Previa B 2013"]
[Site "Madrid ESP"]
[Date "2013.02.23"]
[Round "9.8"]
[White "Garcia-Ruiz Fuentes, Angel M"]
[Black "Mosteiro Montoro, Alvaro"]
[Result "1-0"]
[WhiteElo "1963"]
[BlackElo "1674"]
[PlyCount "115"]
[EventDate "2013.02.01"]
[EventType "swiss"]
[EventRounds "9"]
[EventCountry "ESP"]
[Source "lmi"]
[SourceDate "2013.02.01"]

1. e4 c5 2. Nf3 Nc6 3. d4 cxd4 4. Nxd4 e5 5. Nb5 d6 6. N1c3 a6 7. Na3 b5 8. Nd5
Nf6 9. c4 b4 10. Nxf6+ Qxf6 11. Nc2 Bb7 12. f3 Be7 13. Be3 O-O 14. Qd2 a5 15.
Bd3 h6 16. O-O Bc8 17. b3 Qg6 18. Rad1 Bh3 19. Kh1 Be6 20. Be2 Bg5 21. Bxg5
Qxg5 22. Qxg5 hxg5 23. Rxd6 Rac8 24. Rfd1 Rfd8 25. Kg1 Kf8 26. Kf2 Ke7 27. Rxd8
Rxd8 28. Ke3 f5 29. exf5 Bxf5 30. Rxd8 Kxd8 31. Bd3 Ne7 32. Bxf5 Nxf5+ 33. Ke4
Nh4 34. g3 Ng6 35. Kf5 Ne7+ 36. Kxe5 Kd7 37. a3 bxa3 38. Nxa3 Nc6+ 39. Ke4 Kd6
40. Nc2 Kc5 41. Kf5 Kd6 42. Kxg5 Ke6 43. Kf4 g6 44. Ke4 Kd6 45. Nd4 Nb4 46. h4
Kc5 47. g4 a4 48. bxa4 Kxc4 49. h5 gxh5 50. gxh5 Nd5 51. Ke5 Ne7 52. a5 Kc5 53.
f4 Ng8 54. f5 Nh6 55. Nb3+ Kc6 56. Ke6 Kc7 57. f6 Kd8 58. f7 1-0

[Event "Madrid ch - Previa B 2013"]
[Site "Madrid ESP"]
[Date "2013.02.23"]
[Round "9.11"]
[White "San Felipe Asis, Raquel"]
[Black "Sancinena Arpide, Juan"]
[Result "0-1"]
[WhiteElo "1650"]
[BlackElo "1702"]
[PlyCount "118"]
[EventDate "2013.02.01"]
[EventType "swiss"]
[EventRounds "9"]
[EventCountry "ESP"]
[Source "lmi"]
[SourceDate "2013.02.01"]

1. e4 Nf6 2. e5 Nd5 3. d4 d6 4. Nf3 Bg4 5. Be2 Nc6 6. O-O e6 7. c4 Nb6 8. exd6
cxd6 9. d5 exd5 10. cxd5 Bxf3 11. Bxf3 Ne5 12. Re1 Be7 13. Bf4 Nxf3+ 14. Qxf3
O-O 15. Nc3 Bf6 16. Rad1 Bxc3 17. Qxc3 Rc8 18. Qg3 Nc4 19. b3 Ne5 20. Bxe5 dxe5
21. Qxe5 Re8 22. Qxe8+ Qxe8 23. Rxe8+ Rxe8 24. f4 Kf8 25. Kf2 Re7 26. d6 Rd7
27. Ke3 f5 28. g4 g6 29. gxf5 gxf5 30. Rd5 Kf7 31. Rxf5+ Ke6 32. Re5+ Kxd6 33.
Ke4 Rg7 34. Rd5+ Ke6 35. f5+ Ke7 36. Re5+ Kf7 37. Re6 Rg2 38. Rh6 Kg7 39. Rd6
Re2+ 40. Kf3 Rxh2 41. Ke4 Re2+ 42. Kf4 Kf7 43. Rd7+ Re7 44. Rxe7+ Kxe7 45. Kg5
a5 46. a3 Kf7 47. b4 axb4 48. axb4 h6+ 49. Kxh6 Kf6 50. Kh7 b5 51. Kh6 Kxf5 52.
Kg7 Ke5 53. Kf7 Kd5 54. Ke7 Kc4 55. Kd6 Kxb4 56. Kd5 Kc3 57. Kc5 b4 58. Kb5 b3
59. Ka4 b2 0-1

[Event "Madrid ch - Previa B 2013"]
[Site "Madrid ESP"]
[Date "2013.02.23"]
[Round "9.12"]
[White "Yeves Miquel, Enrique"]
[Black "Escanciano Reyero, Daniel"]
[Result "1-0"]
[WhiteElo "1742"]
[BlackElo "1498"]
[PlyCount "63"]
[EventDate "2013.02.01"]
[EventType "swiss"]
[EventRounds "9"]
[EventCountry "ESP"]
[Source "lmi"]
[SourceDate "2013.02.01"]

1. d4 d5 2. c4 e6 3. Nc3 Nf6 4. cxd5 exd5 5. Bg5 Be7 6. Qc2 O-O 7. e3 Bg4 8.
Bd3 Nbd7 9. Nge2 h6 10. Bh4 Bxe2 11. Bxe2 c5 12. dxc5 Qa5 13. O-O Qxc5 14. Rfd1
Nb6 15. Bf3 Rad8 16. Rd4 Rfe8 17. Rad1 Rd7 18. b4 Qc8 19. Qb3 Red8 20. h3 g5
21. Bg3 Qc6 22. h4 Qe6 23. hxg5 hxg5 24. e4 g4 25. exd5 Qf5 26. d6 Bf8 27. Be2
Nc8 28. Bb5 Nh5 29. Bxd7 Rxd7 30. Rd5 Qg6 31. Bh4 Rxd6 32. Rg5 1-0

[Event "Madrid ch - Previa B 2013"]
[Site "Madrid ESP"]
[Date "2013.02.23"]
[Round "9.13"]
[White "Herrero Corada, Jose Ignacio"]
[Black "Benitez Cadenas, Luis Miguel"]
[Result "1/2-1/2"]
[WhiteElo "1849"]
[BlackElo "1714"]
[PlyCount "73"]
[EventDate "2013.02.01"]
[EventType "swiss"]
[EventRounds "9"]
[EventCountry "ESP"]
[Source "lmi"]
[SourceDate "2013.02.01"]

1. e4 e6 2. d4 d5 3. exd5 exd5 4. Bd3 Bd6 5. Ne2 Nc6 6. c3 Nge7 7. Bf4 Bf5 8.
O-O Qd7 9. Bxd6 Qxd6 10. Re1 O-O-O 11. Ng3 Bxd3 12. Qxd3 Qg6 13. Qxg6 hxg6 14.
Nd2 Rde8 15. Re3 Nf5 16. Nxf5 gxf5 17. Rae1 Kd7 18. Nb3 b6 19. Nc1 Rxe3 20.
Rxe3 Re8 21. Rxe8 Kxe8 22. Ne2 g5 23. Ng3 Ne7 24. Nh5 Kd7 25. g3 Ng6 26. h3 c6
27. f4 gxf4 28. Nxf4 Ke7 29. h4 Nxf4 30. gxf4 Kf6 31. Kf2 Kg6 32. b3 Kh5 33.
Kg3 Kg6 34. c4 b5 35. c5 Kh5 36. b4 a6 37. a3 1/2-1/2

[Event "Madrid ch - Previa B 2013"]
[Site "Madrid ESP"]
[Date "2013.02.23"]
[Round "9.15"]
[White "Fernandez Rodriguez, Fernando J"]
[Black "Canseco Arenas, Alfonso"]
[Result "1-0"]
[WhiteElo "1733"]
[BlackElo "1706"]
[PlyCount "63"]
[EventDate "2013.02.01"]
[EventType "swiss"]
[EventRounds "9"]
[EventCountry "ESP"]
[Source "lmi"]
[SourceDate "2013.02.01"]

1. e4 d6 2. d4 Nf6 3. Nc3 c6 4. a4 Bg4 5. Be2 Bxe2 6. Ngxe2 e6 7. Bg5 Qa5 8.
Bd2 Qh5 9. Ng3 Qg6 10. Qf3 Nbd7 11. O-O-O c5 12. dxc5 Nxc5 13. Be3 a6 14. Bxc5
dxc5 15. Kb1 Nd7 16. Qe3 Be7 17. f4 Qh6 18. Qf3 Nb6 19. e5 Rb8 20. f5 Nc4 21.
Qe2 Ne3 22. Rd3 Nxf5 23. Nxf5 exf5 24. Nd5 Bd8 25. Ne3 Qf4 26. Rf1 Qxa4 27.
Nxf5 O-O 28. Ra3 Qc6 29. Rg3 g6 30. Qh5 Kh8 31. Qh6 Rg8 32. Rh3 1-0

[Event "Madrid ch - Previa B 2013"]
[Site "Madrid ESP"]
[Date "2013.02.23"]
[Round "9.17"]
[White "Franco Rincon, David"]
[Black "Hrybanova, Valeria"]
[Result "1-0"]
[WhiteElo "1671"]
[BlackElo "1556"]
[PlyCount "89"]
[EventDate "2013.02.01"]
[EventType "swiss"]
[EventRounds "9"]
[EventCountry "ESP"]
[Source "lmi"]
[SourceDate "2013.02.01"]

1. e4 e5 2. Nf3 Nc6 3. Bc4 Be7 4. c3 d6 5. h3 Nf6 6. d3 Na5 7. Qa4+ c6 8. Qc2
Nxc4 9. dxc4 Bd7 10. O-O h6 11. Re1 Qc7 12. Be3 Be6 13. Nbd2 d5 14. cxd5 cxd5
15. Rac1 dxe4 16. Nxe4 Nxe4 17. Qxe4 Bf6 18. Rcd1 O-O 19. b3 b6 20. c4 Rad8 21.
Bc1 Rfe8 22. Bb2 Rxd1 23. Rxd1 Bd7 24. Qd5 Bc6 25. Qd6 Qxd6 26. Rxd6 Bxf3 27.
gxf3 Re6 28. Rd7 a6 29. Kf1 e4 30. Bxf6 gxf6 31. Ke2 exf3+ 32. Kxf3 Rc6 33. Rd5
Kg7 34. Kf4 Kg6 35. h4 h5 36. a3 a5 37. Rd4 Rc5 38. Rd5 Rc6 39. f3 Rc5 40. Rxc5
bxc5 41. Ke4 f5+ 42. Kd5 Kf6 43. f4 Ke7 44. Kxc5 f6 45. Kb5 1-0

[Event "Madrid ch - Previa B 2013"]
[Site "Madrid ESP"]
[Date "2013.02.23"]
[Round "9.18"]
[White "Vazquez Cabeza, Isaac"]
[Black "MuÃ±oz Cebey, Ricardo"]
[Result "0-1"]
[WhiteElo "1493"]
[BlackElo "1961"]
[PlyCount "126"]
[EventDate "2013.02.01"]
[EventType "swiss"]
[EventRounds "9"]
[EventCountry "ESP"]
[Source "lmi"]
[SourceDate "2013.02.01"]

1. c4 e5 2. Nc3 Nc6 3. d3 g6 4. g3 Bg7 5. Bg2 d6 6. Nf3 h6 7. O-O Be6 8. Bd2
Qd7 9. Re1 Nge7 10. Rb1 O-O 11. Qc1 Kh7 12. Ne4 f5 13. Nc3 g5 14. h4 g4 15. Nh2
Rf7 16. f4 gxf3 17. Bxf3 Rg8 18. Bh5 Rf6 19. Kf2 d5 20. b3 d4 21. Na4 e4 22.
Bf4 e3+ 23. Kg2 b6 24. Nf3 Ng6 25. Bxg6+ Rxg6 26. Kh2 Bf8 27. Rg1 Bd6 28. Bxd6
Qxd6 29. Qe1 f4 30. gxf4 Qxf4+ 31. Kh1 Bg4 32. Rg3 Bxf3+ 33. Rxf3 Qg4 34. Qf1
Qxh4+ 35. Qh3 Qxh3+ 36. Rxh3 Rg2 37. Rh2 Rxh2+ 38. Kxh2 Rf8 39. Rg1 Rf2+ 40.
Rg2 Rxg2+ 41. Kxg2 Kg6 42. a3 Ne5 43. c5 Kg5 44. cxb6 cxb6 45. Nb2 h5 46. Nc4
Nc6 47. Nd6 h4 48. Ne4+ Kg4 49. Nf6+ Kf5 50. Ne4 Ne5 51. a4 Ng6 52. b4 Nf4+ 53.
Kf3 h3 54. a5 Ke5 55. axb6 axb6 56. b5 Nd5 57. Kg3 Nc3 58. Ng5 Nxe2+ 59. Kxh3
Nf4+ 60. Kg3 Nxd3 61. Nf3+ Kd5 62. Nxd4 Kxd4 63. Kf3 Nc1 0-1

[Event "Madrid ch - Previa B 2013"]
[Site "Madrid ESP"]
[Date "2013.02.23"]
[Round "9.19"]
[White "Soto Martin, Miguel"]
[Black "Yaniz Lana, Francisco Javier"]
[Result "1-0"]
[WhiteElo "1497"]
[BlackElo "1669"]
[PlyCount "51"]
[EventDate "2013.02.01"]
[EventType "swiss"]
[EventRounds "9"]
[EventCountry "ESP"]
[Source "lmi"]
[SourceDate "2013.02.01"]

1. d4 Nf6 2. Nf3 c5 3. dxc5 e6 4. Be3 Na6 5. Nc3 Nxc5 6. g3 d5 7. Bg2 Be7 8.
O-O O-O 9. Bf4 Nh5 10. Be3 Qc7 11. Nd4 e5 12. Nxd5 Qd7 13. Nf5 Bd6 14. Nde7+
Bxe7 15. Qxd7 Bxd7 16. Nxe7+ Kh8 17. Bxc5 Rfe8 18. Bxb7 Rab8 19. Bd5 Rb5 20. b4
Rxe7 21. Bxe7 Rxd5 22. Rfd1 Nf6 23. Bxf6 Rxd1+ 24. Rxd1 gxf6 25. Rxd7 Kg7 26.
Rxa7 1-0

[Event "Madrid ch - Previa B 2013"]
[Site "Madrid ESP"]
[Date "2013.02.23"]
[Round "9.20"]
[White "Morona Minguez, Miguel"]
[Black "Bento Iglesias, Pablo"]
[Result "0-1"]
[WhiteElo "1628"]
[BlackElo "1525"]
[PlyCount "150"]
[EventDate "2013.02.01"]
[EventType "swiss"]
[EventRounds "9"]
[EventCountry "ESP"]
[Source "lmi"]
[SourceDate "2013.02.01"]

1. e4 c6 2. d4 d5 3. e5 Bf5 4. Bd3 Bxd3 5. Qxd3 e6 6. Nf3 c5 7. dxc5 Qa5+ 8.
Nc3 Bxc5 9. O-O a6 10. Be3 Bxe3 11. fxe3 Nc6 12. Nd4 Nxe5 13. Qd1 Nf6 14. Qe1
Qb6 15. Na4 Qd6 16. Qg3 Nh5 17. Qg5 g6 18. g4 Ng7 19. Qf4 O-O 20. b3 Rad8 21.
Rad1 Nc6 22. Nxc6 Qxc6 23. c3 b5 24. Nb2 Qxc3 25. Nd3 d4 26. e4 f6 27. Qf2 e5
28. Qe2 Qc7 29. Rc1 Qd6 30. Nc5 Rc8 31. Nd3 Rc3 32. Rxc3 dxc3 33. Rc1 Rc8 34.
Nf2 Ne6 35. Nd1 Qd4+ 36. Kh1 Nf4 37. Qe3 Qxe3 38. Nxe3 Nd3 39. Rc2 Nb4 40. Rc1
c2 41. a3 Nd3 42. Rxc2 Rxc2 43. Nxc2 Nf2+ 44. Kg2 Nxe4 45. Nb4 Nc5 46. Nd5 Kf7
47. b4 Nd3 48. Kf1 Nb2 49. Nc7 Nc4 50. Nxa6 Nxa3 51. Ke2 f5 52. gxf5 gxf5 53.
Kd3 Nc4 54. Nc7 Nd6 55. h3 h6 56. Ke3 Kg6 57. Kf3 Kg5 58. Kg3 f4+ 59. Kg2 Kf5
60. Nd5 Ke4 61. Nf6+ Kd4 62. Ng4 Nf5 63. Kf3 h5 64. Nf6 Ng3 65. Nd7 Nf5 66. Nf6
Ng7 67. Nd7 Ne6 68. Nf6 Ng5+ 69. Kg2 h4 70. Ng4 e4 71. Nh6 f3+ 72. Kf1 e3 73.
Nf5+ Ke4 74. Nxh4 Nxh3 75. Ke1 Nf4 0-1

[Event "Madrid ch - Previa B 2013"]
[Site "Madrid ESP"]
[Date "2013.02.23"]
[Round "9.21"]
[White "Vela Martinez, Jose"]
[Black "Lopez Ziegler, Juan Jose"]
[Result "1-0"]
[WhiteElo "1542"]
[BlackElo "1451"]
[PlyCount "29"]
[EventDate "2013.02.01"]
[EventType "swiss"]
[EventRounds "9"]
[EventCountry "ESP"]
[Source "lmi"]
[SourceDate "2013.02.01"]

1. e4 c6 2. d4 d5 3. exd5 cxd5 4. h3 Nc6 5. Nf3 Bf5 6. Nc3 e6 7. a3 Bd6 8. Bd3
Bg6 9. O-O Qb6 10. Re1 Nge7 11. Nb5 Bb8 12. Nc3 a6 13. b4 Nxd4 14. Nxd4 Qxd4
15. Bb5+ 1-0

[Event "Madrid ch - Previa B 2013"]
[Site "Madrid ESP"]
[Date "2013.02.23"]
[Round "9.22"]
[White "Cortijo Manso, Luis"]
[Black "Peñas Merino, Ramona"]
[Result "1-0"]
[WhiteElo "1526"]
[BlackElo "1684"]
[PlyCount "61"]
[EventDate "2013.02.01"]
[EventType "swiss"]
[EventRounds "9"]
[EventCountry "ESP"]
[Source "lmi"]
[SourceDate "2013.02.01"]

1. d4 d5 2. Nf3 e6 3. g3 c6 4. Bg2 Bd6 5. O-O f5 6. b3 Nf6 7. Ba3 O-O 8. Bxd6
Qxd6 9. c4 Ne4 10. Ne5 Nd7 11. c5 Qe7 12. Nd3 e5 13. f3 Nef6 14. b4 e4 15. fxe4
fxe4 16. Nf4 Ng4 17. Qb3 Ndf6 18. h3 Nh6 19. Nc3 g5 20. Nfxd5 cxd5 21. Nxd5
Nxd5 22. Qxd5+ Be6 23. Rxf8+ Rxf8 24. Qxe4 Rf7 25. d5 Bf5 26. Qxe7 Rxe7 27. e4
Bxe4 28. Re1 Rd7 29. Bxe4 Nf7 30. d6 h6 31. Bf5 1-0